A UK City Relative Geography Quiz Stats

 Plays Quiz not verified by Sporcle

Challenge
Share
Tweet
Embed
Score 0/12 Timer 04:00
0 Plays Today
Question Answer Wrong Answers
In which direction would you travel from Edinburgh to Manchester? South
95.9%
North
1%
East
0.2%
West
0.3%
In which direction would you travel from Liverpool to Edinburgh? North
95.9%
South
0.8%
East
0.6%
West
0.3%
In which direction would you travel from London to Birmingham? North West
95.1%
North East
3%
South West
0.5%
South East
1.4%
In which direction would you travel from Birmingham to Leeds? North
90.9%
South
1.9%
East
6.2%
West
0.6%
In which direction would you travel from Belfast to Cardiff? South East
90.1%
North West
0.6%
North East
1%
South West
5.4%
In which direction would you travel from Glasgow to Sheffield? South East
88.4%
North West
0.8%
North East
1.6%
South West
8%
In which direction would you travel from Bristol to London? East
83.4%
North
2.1%
South
6.7%
West
4.9%
In which direction would you travel from Leeds to Glasgow? North West
80.9%
North East
16.6%
South West
0.6%
South East
1.1%
In which direction would you travel from Manchester to Belfast? North West
75.8%
North East
4.6%
South West
15.1%
South East
1.8%
In which direction would you travel from Bradford to Liverpool? South West
69.9%
North West
20.9%
North East
3%
South East
4.1%
In which direction would you travel from Cardiff to Bristol? East
64.8%
North
1.6%
South
24%
West
6.7%
In which direction would you travel from Sheffield to Bradford? North
57.5%
South
7%
East
11.6%
West
22.1%

You're not logged in!

Compare scores with friends on all Sporcle quizzes.
Join for Free
OR
Log In

You Might Also Like...

Show Comments

Extras

Created Oct 23, 2016ReportNominate
Tags:multiple choice, UK Cities

Top Quizzes Today


Score Distribution

Your Account Isn't Verified!

In order to create a playlist on Sporcle, you need to verify the email address you used during registration. Go to your Sporcle Settings to finish the process.

Report this User

Report this user for behavior that violates our Community Guidelines.

Details: